Statistics for Countries Bordering Higher Countries

Click here to take the quiz!

General Stats

  • This quiz has been taken 55 times
  • The average score is 32 of 47

Answer Stats

# BHighest pointCOUNTRY% Correct
1 72 Vatican City
93%
1 739 San Marino
93%
2 2.599 Liechtenstein
89%
1 2.680 Haiti
84%
1 1.950 South Korea
80%
2 103 Qatar
80%
1 5.956 Canada
80%
3 560 Luxembourg
78%
3 1.324 Finland
78%
3 1.813 Cambodia
78%
2 514 Uruguay
78%
2 3.474 Panama
76%
2 4.374 Mongolia
76%
1 2.351 Portugal
76%
4 1.208 Israel
76%
1 1.041 Ireland
76%
3 321 Netherlands
76%
2 2.943 Andorra
76%
2 2.730 El Salvador
76%
2 1.862 Swaziland
73%
2 1.174 Belize
73%
2 306 Kuwait
71%
3 1.230 Suriname
71%
1 171 Denmark
71%
3 2.021 Djibouti
69%
1 162 Monaco
69%
1 53 Gambia
69%
3 842 Paraguay
67%
2 1.544 Tunisia
67%
1 2.963 East Timor
67%
2 430 Moldova
67%
2 7.570 Bhutan
67%
1 1.850 Brunei
67%
4 650 Benin
64%
2 2.106 Nicaragua
64%
4 294 Lithuania
64%
2 262 Guinea-Bissau
62%
1 4.509 Papua New Guinea
60%
4 4.090 Armenia
60%
2 1.052 Bangladesh
58%
3 2.670 Burundi
51%
3 1.420 Liberia
51%
5 1.020 Republic of the Congo
49%
7 1.014 Hungary
42%
4 1.494 Botswana
38%
4 3.139 Turkmenistan
38%
4 1.602 Czech Republic
22%

Score Distribution

Percentile by Number Answered

Percent of People with Each Score

Your Score History

You have not taken this quiz